| 000 | 00430nam a2200169Ia 4500 | ||
|---|---|---|---|
| 003 | GCL | ||
| 008 | 140319s9999 xx 000 0 eng d | ||
| 040 |
_aGCL / _cGCL |
||
| 082 | 0 | 4 |
_a576 _bS G |
| 100 | 1 | _aSCHLEGEL, HANS G. | |
| 245 | 1 | 0 |
_aGENERAL MICROBIOLOGY / _cSCHLEGEL, HANS G. |
| 260 |
_a[S.N] : _bCAMBRIBGE UNIVERSITY PRESS ، _c1992 |
||
| 300 | _a655\P | ||
| 650 | 0 | 4 | _aMICROBIOLOGY |
| 650 | 0 | 4 | _aFUNGI |
| 942 |
_2ddc _cBK |
||
| 999 |
_c20172 _d20172 |
||